[Event "Sofia MGU op 177th"]
[Site "Sofia"]
[Date "2016.12.18"]
[Round "4"]
[White "Tenev, Bogdan"]
[Black "Ilichov, Ivan"]
[Result "1/2-1/2"]
[WhiteElo "1459"]
[BlackElo "1378"]
[PlyCount "111"]
[EventDate "2016.12.17"]
[EventType "swiss"]
[EventRounds "6"]
[EventCountry "BUL"]
[SourceTitle "CBM 176 Extra"]
[Source "ChessBase"]
[SourceDate "2017.03.02"]
[SourceVersion "1"]
[SourceVersionDate "2017.03.02"]
[SourceQuality "1"]

1. d4 Nf6 2. Nc3 g6 3. g3 Bg7 4. Bg2 0-0 5. e4 d6 6. Nge2 e5 7. dxe5 dxe5 8. 0-0 c6 9. Bg5 Be6 10. Qxd8 Rxd8 11. Rad1 Na6 12. a3 Nc7 13. b3 b6 14. h3 c5 15. f4 Rxd1 16. Rxd1 Nd7 17. fxe5 Nxe5 18. Bf4 Re8 19. Kf2 Kf8 20. Nd5 Rd8 21. Ne3 Rxd1 22. Nxd1 Nb5 23. a4 Nd6 24. Bxe5 Bxe5 25. Kf3 Ke7 26. Nf4 f5 27. exf5 Nxf5 28. Nxe6 Kxe6 29. Ne3 Nxg3 30. Nc4 Bc7 31. Kg4 Ne2 32. Ne3 Nf4 33. Be4 Ke5 34. Bb7 h5+ 35. Kg5 Bd8+ 36. Kh6 Nxh3 37. Kxg6 Nf4+ 38. Kf7 h4 39. Ng2 Nxg2 40. Bxg2 Kd4 41. Ke8 Bg5 42. Kd7 Kc3 43. Be4 h3 44. Kc6 h2 45. Kb7 Kd4 46. Bh1 Kc3 47. Be4 Kb4 48. Kxa7 b5 49. axb5 Kxb5 50. Bh1 Be3 51. Kb7 Kb4 52. Kc6 Kc3 53. Be4 Kd2 54. Kb5 Ke2 55. b4 cxb4 56. Kxb4 1/2-1/2

[Event "Sofia MGU op 176th"]
[Site "Sofia"]
[Date "2016.12.11"]
[Round "6"]
[White "Georgiev, Nikolay"]
[Black "Ilichov, Ivan"]
[Result "1-0"]
[WhiteElo "1594"]
[BlackElo "1378"]
[PlyCount "77"]
[EventDate "2016.12.10"]
[EventType "swiss"]
[EventRounds "9"]
[EventCountry "BUL"]
[SourceTitle "CBM 176 Extra"]
[Source "ChessBase"]
[SourceDate "2017.03.02"]
[SourceVersion "1"]
[SourceVersionDate "2017.03.02"]
[SourceQuality "1"]

1. e4 e5 2. Nc3 Nf6 3. Nf3 Nc6 4. d4 exd4 5. Nxd4 Bb4 6. Nxc6 bxc6 7. Bd3 0-0 8. 0-0 Bxc3 9. bxc3 Rb8 10. Bg5 d6 11. Qf3 Bg4 12. Bxf6 Bxf3 13. Bxd8 Rfxd8 14. gxf3 Re8 15. Rab1 Rb6 16. Rxb6 cxb6 17. Rb1 b5 18. c4 a6 19. cxb5 axb5 20. Kg2 Ra8 21. Rb2 g6 22. f4 h5 23. e5 d5 24. Kf3 Kg7 25. Ke3 Ra4 26. c3 Kf8 27. Bc2 Rc4 28. Rb3 Ra4 29. Rxb5 cxb5 30. Bxa4 bxa4 31. Kd4 Ke7 32. Kxd5 Kd7 33. c4 a3 34. c5 Kc7 35. c6 Kc8 36. Kd6 h4 37. Ke7 Kc7 38. Kxf7 Kd8 39. e6 1-0

[Event "Sofia MGU op 175th"]
[Site "Sofia"]
[Date "2016.11.19"]
[Round "3"]
[White "Kostov, Nikolai"]
[Black "Ilichov, Ivan"]
[Result "1-0"]
[WhiteElo "1705"]
[BlackElo "1367"]
[PlyCount "49"]
[EventDate "2016.11.19"]
[EventType "swiss"]
[EventRounds "6"]
[EventCountry "BUL"]
[SourceTitle "CBM 175 Extra"]
[Source "ChessBase"]
[SourceDate "2016.12.12"]
[SourceVersion "1"]
[SourceVersionDate "2016.12.12"]
[SourceQuality "1"]

1. d4 d5 2. e3 Nf6 3. Bd3 Nc6 4. c3 g6 5. f4 Bg4 6. Nf3 e6 7. 0-0 Nd7 8. Qe1 Bxf3 9. gxf3 f5 10. e4 dxe4 11. fxe4 Qe7 12. Bb5 Nd8 13. Kh1 Nf7 14. exf5 exf5 15. Bxd7+ Kxd7 16. Qd1 Re8 17. Nd2 h5 18. Qa4+ Kc8 19. Qxa7 h4 20. Qa8+ Kd7 21. Qxb7 h3 22. Qb5+ Kc8 23. Nf3 Nd6 24. Qa6+ Kb8 25. Ne5 1-0

[Event "Sofia MGU op 174th"]
[Site "Sofia"]
[Date "2016.11.06"]
[Round "6"]
[White "Ilichov, Ivan"]
[Black "Georgiev, Nikolay"]
[Result "0-1"]
[WhiteElo "1367"]
[BlackElo "1612"]
[PlyCount "74"]
[EventDate "2016.11.05"]
[EventType "swiss"]
[EventRounds "6"]
[EventCountry "BUL"]
[SourceTitle "CBM 175 Extra"]
[Source "ChessBase"]
[SourceDate "2016.12.12"]
[SourceVersion "1"]
[SourceVersionDate "2016.12.12"]
[SourceQuality "1"]

1. e4 e5 2. Nf3 Nc6 3. Bc4 Bc5 4. 0-0 d6 5. Nc3 Be6 6. Bxe6 fxe6 7. Na4 Bb6 8. Nxb6 axb6 9. c3 Nf6 10. d3 0-0 11. Ng5 Qe8 12. Qb3 d5 13. f4 h6 14. fxe5 Nxe5 15. Nf3 Nxd3 16. exd5 exd5 17. Qc2 Nxc1 18. Qxc1 Qg6 19. Qf4 Rac8 20. Nd4 Ne4 21. Nf5 Kh7 22. Qe5 Rce8 23. Qxd5 c6 24. Qd7 Nc5 25. Qc7 Rxf5 26. Rxf5 Qxf5 27. Rf1 Qe5 28. Qxb6 Re7 29. b4 Na4 30. Qf2 Nxc3 31. Qc2+ Ne4 32. Re1 Qd4+ 33. Kh1 Kh8 34. Rf1 Nf6 35. Qf5 Qxb4 36. h3 Qe4 37. Qc8+ Kh7 0-1